[Event "Festival Bad Wörishofen"]
[Site "chess24.com"]
[Date "2016.02.26"]
[Round "1.1"]
[White "Chatalbashev, Boris"]
[Black "Deues, Erik"]
[Result "1-0"]
[WhiteElo "2563"]
[BlackElo "2019"]
[PlyCount "59"]
[EventDate "2016.??.??"]
[WhiteTeam "Bulgarien"]
[BlackTeam "Deutschland"]
[WhiteTeamCountry "BUL"]
[BlackTeamCountry "GER"]

1. d4 Nf6 2. c4 g6 3. Nc3 d5 4. Bf4 Bg7 5. e3 O-O 6. Nf3 c5 7. dxc5 Qa5 8. Rc1
Rd8 9. Qa4 Qxc5 10. b4 Qc6 11. Qa3 dxc4 12. Ne5 Qa6 13. Qxa6 Nxa6 14. Bxc4 e6
15. a3 Bd7 16. Ke2 Rac8 17. Rhd1 Nb8 18. Nxd7 Rxd7 19. Nb5 Rxd1 20. Rxd1 Ne4
21. Bd3 Nc3+ 22. Nxc3 Bxc3 23. Rc1 Nd7 24. Be4 e5 25. Bg3 Nb6 26. Bxb7 Rc7 27.
Ba6 Na4 28. Bb5 Nb2 29. f4 exf4 30. Bxf4 1-0

[Event "Festival Bad Wörishofen"]
[Site "chess24.com"]
[Date "2016.02.26"]
[Round "1.2"]
[White "Kraemer, Max"]
[Black "Werle, Jan"]
[Result "0-1"]
[WhiteElo "1905"]
[BlackElo "2545"]
[PlyCount "80"]
[EventDate "2016.??.??"]
[WhiteTeam "Deutschland"]
[BlackTeam "Niederlande"]
[WhiteTeamCountry "GER"]
[BlackTeamCountry "NED"]

1. e4 e6 2. d4 d5 3. Nc3 Bb4 4. e5 c5 5. a3 Bxc3+ 6. bxc3 Qa5 7. Bd2 Qa4 8. Qg4
g6 9. Qd1 Nc6 10. Nf3 c4 11. g3 Bd7 12. Bh3 O-O-O 13. Ng5 Rf8 14. f4 h6 15. Nf3
Nge7 16. Qb1 Kb8 17. Qb2 Nc8 18. g4 Ka8 19. Nh4 Nb6 20. Rb1 Qa5 21. f5 exf5 22.
gxf5 g5 23. Ng2 g4 24. Bxg4 Rfg8 25. Ne3 Rg5 26. h4 Rg7 27. Bf3 Rg3 28. Ke2
Rhg8 29. Rhf1 Rh3 30. Nxd5 Nxd4+ 31. cxd4 Rh2+ 32. Rf2 Rxf2+ 33. Kxf2 Qxd2+ 34.
Kf1 Qh2 35. Nxb6+ axb6 36. Bxb7+ Kb8 37. Bg2 Qxg2+ 38. Ke1 Qe4+ 39. Kd2 Rg2+
40. Kc3 Rg3+ 0-1

[Event "Festival Bad Wörishofen"]
[Site "chess24.com"]
[Date "2016.02.26"]
[Round "1.3"]
[White "Hamlack, Heinz"]
[Black "Kveinys, Aloyzas"]
[Result "0-1"]
[WhiteElo "2015"]
[BlackElo "2524"]
[PlyCount "95"]
[EventDate "2016.??.??"]
[WhiteTeam "Deutschland"]
[BlackTeam "Litauen"]
[WhiteTeamCountry "GER"]
[BlackTeamCountry "LTU"]

1. d4 Nf6 2. Nf3 c5 3. e3 d5 4. Be2 Nc6 5. O-O Bg4 6. Nbd2 e6 7. b3 cxd4 8.
exd4 Be7 9. Bb2 O-O 10. a3 Qb6 11. c4 Bxf3 12. Nxf3 dxc4 13. Bxc4 Rad8 14. Qe2
Nd5 15. b4 Bf6 16. Rad1 a5 17. b5 Nce7 18. a4 Nf5 19. Ba2 g6 20. g3 Nb4 21. Bb1
Nxd4 22. Nxd4 Bxd4 23. Rxd4 Rxd4 24. Qe5 Rfd8 25. Be4 Nc6 26. Bxc6 bxc6 27.
Bxd4 Rxd4 28. bxc6 Rd5 29. Qf6 Qxc6 30. Rb1 Qc7 31. Qb2 Qe5 32. Qa3 Kg7 33. Qf3
Qd4 34. Qb3 h5 35. h4 Rf5 36. Qb2 Qxb2 37. Rxb2 Rd5 38. Kf1 Rd4 39. Ra2 e5 40.
Ke2 Kf6 41. Ke3 Kf5 42. f3 Rb4 43. Ra3 f6 44. Kd3 Ke6 45. Ke3 f5 46. f4 e4 47.
Ra2 Kd5 48. Rd2+ 0-1

[Event "Festival Bad Wörishofen"]
[Site "chess24.com"]
[Date "2016.02.26"]
[Round "1.4"]
[White "Pap, Misa"]
[Black "Sikkel, Dirk"]
[Result "1-0"]
[WhiteElo "2483"]
[BlackElo "2015"]
[PlyCount "127"]
[EventDate "2016.??.??"]
[WhiteTeam "Serbien"]
[BlackTeam "Niederlande"]
[WhiteTeamCountry "SRB"]
[BlackTeamCountry "NED"]

1. e4 g6 2. d4 Bg7 3. Nf3 d6 4. Bc4 Nf6 5. Qe2 O-O 6. e5 dxe5 7. dxe5 Nd5 8.
O-O Nb6 9. Bb3 Bg4 10. e6 f5 11. h3 Bxf3 12. Qxf3 Nc6 13. c3 Na5 14. Rd1 Qc8
15. Bc2 Nac4 16. a4 a5 17. Bb3 c6 18. Bf4 Kh8 19. Qe2 Nd6 20. Bxd6 exd6 21.
Rxd6 Qc7 22. Rd1 Rfe8 23. Nd2 Qe5 24. Qf1 Nd5 25. Nf3 Qf6 26. Bxd5 cxd5 27.
Rxd5 Qxe6 28. Qb5 Qc6 29. Rad1 Qxb5 30. Rxb5 Reb8 31. Rd7 b6 32. h4 Bf8 33.
Rbd5 Re8 34. h5 Re7 35. hxg6 hxg6 36. Ne5 Re6 37. f4 Kg8 38. Kh2 Rae8 39. Kg3
Bg7 40. Nf3 Bf6 41. R5d6 Kf8 42. Rxe6 Rxe6 43. Rb7 Ke8 44. Kf2 Be7 45. Rb8+ Kd7
46. Ne5+ Kc7 47. Rg8 g5 48. Rg6 Bc5+ 49. Kf3 g4+ 50. Ke2 Rxg6 51. Nxg6 Kd6 52.
Ne5 Kd5 53. Kd3 Bg1 54. Nc4 Ke6 55. b3 Bc5 56. Ke2 Kd5 57. Kd3 Ke6 58. Ne3 Kf6
59. b4 Bd6 60. g3 Ke6 61. Kc4 Bc7 62. Nd5 Bd8 63. Kd4 b5 64. bxa5 1-0

[Event "Festival Bad Wörishofen"]
[Site "chess24.com"]
[Date "2016.02.26"]
[Round "1.5"]
[White "Tillmann, Marc"]
[Black "Karpatchev, Aleksandr"]
[Result "0-1"]
[WhiteElo "2014"]
[BlackElo "2475"]
[PlyCount "76"]
[EventDate "2016.??.??"]
[WhiteTeam "Schweiz"]
[BlackTeam "Russland"]
[WhiteTeamCountry "SUI"]
[BlackTeamCountry "RUS"]

1. d4 d5 2. c4 dxc4 3. Nf3 Nf6 4. Nc3 Nc6 5. e3 Bg4 6. Bxc4 e6 7. O-O Bd6 8. h3
Bh5 9. Qe2 O-O 10. Rd1 Qe7 11. Bb5 Rad8 12. Bxc6 bxc6 13. e4 e5 14. dxe5 Bxe5
15. Bg5 Rxd1+ 16. Nxd1 h6 17. Bxf6 Bxf6 18. g4 Bg6 19. e5 Re8 20. Nc3 Qb4 21.
Rd1 Bg5 22. Rd4 Qb6 23. a3 a5 24. b4 Bc1 25. Qa2 c5 26. Rd1 cxb4 27. Rxc1 bxc3
28. Rxc3 Be4 29. Qc4 Qb1+ 30. Rc1 Qb2 31. Rc3 c6 32. Nd4 Bd5 33. Qc5 Qb1+ 34.
Rc1 Qe4 35. f3 Qe3+ 36. Kg2 Rxe5 37. Qc3 Qf4 38. Rc2 Re3 0-1

[Event "Festival Bad Wörishofen"]
[Site "chess24.com"]
[Date "2016.02.26"]
[Round "1.6"]
[White "Remensberger, Hansuli"]
[Black "Pezerovic, Edin"]
[Result "0-1"]
[WhiteElo "2010"]
[BlackElo "2423"]
[PlyCount "64"]
[EventDate "2016.??.??"]
[WhiteTeam "Schweiz"]
[BlackTeam "Deutschland"]
[WhiteTeamCountry "SUI"]
[BlackTeamCountry "GER"]

1. d4 d5 2. c4 c6 3. Nf3 Nf6 4. e3 Bf5 5. Nc3 e6 6. Nh4 Bg6 7. Be2 Nbd7 8. Qb3
Qb6 9. Nxg6 hxg6 10. c5 Qc7 11. g3 b6 12. cxb6 axb6 13. Bd2 Be7 14. Rc1 Qa7 15.
a3 O-O 16. Qd1 b5 17. Na2 Rfc8 18. O-O Nb6 19. Bb4 Nc4 20. Bxe7 Qxe7 21. Qc2
Rc7 22. Nb4 Ne4 23. Bxc4 bxc4 24. f3 Nd6 25. Rce1 Nb5 26. Qd2 c5 27. Na2 cxd4
28. exd4 Qd6 29. Nc3 Nxc3 30. Qxc3 Rb7 31. Rc1 Rb3 32. Qd2 Qb6 0-1

[Event "Festival Bad Wörishofen"]
[Site "chess24.com"]
[Date "2016.02.26"]
[Round "1.7"]
[White "Naumkin, Igor"]
[Black "Hoeller, Armin"]
[Result "1-0"]
[WhiteElo "2413"]
[BlackElo "2008"]
[PlyCount "143"]
[EventDate "2016.??.??"]
[WhiteTeam "Russland"]
[BlackTeam "Deutschland"]
[WhiteTeamCountry "RUS"]
[BlackTeamCountry "GER"]

1. d4 f5 2. Nf3 Nf6 3. g3 e6 4. Bg2 d5 5. c4 Bd6 6. O-O c6 7. b3 Qe7 8. Bb2 O-O
9. Nbd2 Ne4 10. Ne5 Nd7 11. Nd3 b6 12. Nf3 Bb7 13. e3 Rac8 14. Rc1 c5 15. Rc2
dxc4 16. bxc4 Rc7 17. Qe2 Rfc8 18. Rfc1 Bc6 19. Nd2 Ndf6 20. Ne5 Be8 21. Nb3
Bh5 22. f3 Ng5 23. h3 Bxe5 24. dxe5 Nd7 25. Qf1 Nf7 26. f4 g5 27. Nd2 Bg6 28.
e4 gxf4 29. gxf4 Qh4 30. Qf2 Qxf2+ 31. Kxf2 Nh6 32. Rd1 Nb8 33. exf5 Nxf5 34.
Ne4 Nc6 35. Nf6+ Kf7 36. Bxc6 Rxc6 37. Rd7+ Ne7 38. Rcd2 R6c7 39. h4 Bf5 40. h5
Bb1 41. a3 Rxd7 42. Rxd7 Ra8 43. Bc1 Bf5 44. Be3 h6 45. Kf3 Kf8 46. a4 Nc6 47.
Ng4 Bxg4+ 48. Kxg4 Ne7 49. a5 Nf5 50. Bf2 bxa5 51. Kf3 a4 52. Bxc5+ Ke8 53. Rc7
Kd8 54. Rb7 Rc8 55. Rb5 a3 56. Bxa3 Nd4+ 57. Kg4 Nxb5 58. cxb5 Kd7 59. Bb2 Rg8+
60. Kf3 Kc7 61. Bd4 Kb7 62. f5 exf5 63. Be3 Re8 64. Kf4 Rf8 65. e6 a5 66. bxa6+
Kxa6 67. Ke5 Kb7 68. Bxh6 Re8 69. Kxf5 Kc7 70. Kf6 Kd8 71. Bg7 Re7 72. h6 1-0

[Event "Festival Bad Wörishofen"]
[Site "chess24.com"]
[Date "2016.02.26"]
[Round "1.8"]
[White "Carrasco, Paul"]
[Black "Zude, Arno"]
[Result "1/2-1/2"]
[WhiteElo "2018"]
[BlackElo "2389"]
[PlyCount "132"]
[EventDate "2016.??.??"]
[WhiteTeam "Vereinigte Staaten"]
[BlackTeam "Deutschland"]
[WhiteTeamCountry "USA"]
[BlackTeamCountry "GER"]

1. Nf3 Nf6 2. c4 e6 3. d4 Bb4+ 4. Nc3 b6 5. e3 Bb7 6. a3 Bxc3+ 7. bxc3 d6 8.
Bd3 Nbd7 9. O-O O-O 10. Nd2 Re8 11. e4 e5 12. Re1 Nf8 13. f3 Ne6 14. Nb3 a5 15.
Be3 Ba6 16. Bf1 Nd7 17. a4 Qe7 18. g3 Red8 19. Ra2 g6 20. Rg2 c5 21. d5 Ng7 22.
Bd3 Rf8 23. g4 Kh8 24. Kh1 Rg8 25. Reg1 Nf8 26. Nd2 g5 27. Nf1 Ng6 28. Rb2 Rab8
29. Ng3 f6 30. Qc2 Bc8 31. Rgb1 Qd8 32. Rb5 Bd7 33. R5b2 Nf4 34. Bxf4 exf4 35.
Nf5 Nxf5 36. exf5 Qe8 37. Rxb6 Rxb6 38. Rxb6 Qe1+ 39. Kg2 Bxa4 40. Qe2 Qxe2+
41. Bxe2 Ra8 42. Rb2 Kg7 43. Kf2 Kf8 44. Ke1 Bd7 45. Kd2 h5 46. h3 h4 47. Bd3
a4 48. Ra2 Ke7 49. Kc2 Kd8 50. Ra3 Kc7 51. Kc1 Kb6 52. Bc2 Ka5 53. Bd3 Re8 54.
Be4 Bc8 55. Kd2 Ba6 56. Bc2 Bxc4 57. Bxa4 Re2+ 58. Kd1 Re3 59. Bc2+ Kb5 60. Be4
Bxd5 61. Bxd5 Rd3+ 62. Kc2 Rxd5 63. Ra7 Kc4 64. Ra4+ Kb5 65. Ra7 Kc4 66. Ra4+
Kb5 1/2-1/2

[Event "Festival Bad Wörishofen"]
[Site "chess24.com"]
[Date "2016.02.26"]
[Round "1.9"]
[White "Pirrot, Dieter"]
[Black "Fiedler, Wolfgang"]
[Result "1-0"]
[WhiteElo "2380"]
[BlackElo "2004"]
[PlyCount "41"]
[EventDate "2016.??.??"]
[WhiteTeam "Deutschland"]
[BlackTeam "Deutschland"]
[WhiteTeamCountry "GER"]
[BlackTeamCountry "GER"]

1. d4 g6 2. e4 Bg7 3. Nc3 d6 4. Bg5 h6 5. Bh4 Nc6 6. d5 Nb8 7. f4 c6 8. Qd2 Qa5
9. Nge2 Nf6 10. Nc1 cxd5 11. Nb3 Qb4 12. a3 Qb6 13. Bxf6 exf6 14. Nxd5 Qd8 15.
f5 gxf5 16. exf5 Bxf5 17. Bb5+ Nc6 18. Na5 O-O 19. Nxb7 Qd7 20. O-O Qxb7 21.
Bxc6 1-0

[Event "Festival Bad Wörishofen"]
[Site "chess24.com"]
[Date "2016.02.26"]
[Round "1.10"]
[White "Ebeling, Jens"]
[Black "Steinbacher, Matthias"]
[Result "0-1"]
[WhiteElo "2001"]
[BlackElo "2300"]
[PlyCount "106"]
[EventDate "2016.??.??"]
[WhiteTeam "Deutschland"]
[BlackTeam "Deutschland"]
[WhiteTeamCountry "GER"]
[BlackTeamCountry "GER"]

1. e4 d6 2. d4 Nf6 3. Nc3 e5 4. dxe5 dxe5 5. Qxd8+ Kxd8 6. Nf3 Bd6 7. Bc4 Be6
8. Bxe6 fxe6 9. Bg5 Nc6 10. O-O-O Ke7 11. Bh4 h6 12. h3 Rhf8 13. Rhe1 a6 14.
Rd2 Rad8 15. Bg3 g5 16. Nd1 Nh5 17. Ne3 b5 18. Ng4 Nxg3 19. fxg3 h5 20. Ne3 g4
21. hxg4 hxg4 22. Nxg4 Rg8 23. Nfh2 Rdf8 24. c3 Rg6 25. Ne3 Rxg3 26. Nf3 Rf4
27. Nf1 Rgg4 28. Rde2 Nb8 29. N1d2 Nd7 30. Kc2 a5 31. a3 a4 32. Rh1 Nf6 33.
Rhe1 Nh5 34. Rh1 Ng3 35. Rh7+ Rf7 36. Rxf7+ Kxf7 37. Re1 Kf6 38. Kd3 Bc5 39.
Nh2 Rf4 40. Nhf3 Bf2 41. Rc1 Bc5 42. c4 b4 43. axb4 Bxb4 44. Ra1 Rg4 45. Rxa4
c5 46. Ra7 Rg8 47. Rd7 Nh5 48. Ne1 Nf4+ 49. Ke3 Nxg2+ 50. Nxg2 Rxg2 51. b3 Bc3
52. Nf3 Rb2 53. Rd3 Bd4+ 0-1

[Event "Schachfestival 2016 - Open"]
[Site "chessorg.de"]
[Date "2016.02.27"]
[Round "2.1"]
[White "Bernardi, Ruben"]
[Black "Chatalbashev, Boris"]
[Result "1/2-1/2"]
[WhiteElo "2158"]
[BlackElo "2563"]
[PlyCount "81"]
[EventDate "2016.??.??"]
[WhiteTeam "Italien"]
[BlackTeam "Bulgarien"]
[WhiteTeamCountry "ITA"]
[BlackTeamCountry "BUL"]

1. e4 g6 2. d4 Bg7 3. Nc3 d6 4. f4 Nf6 5. Nf3 O-O 6. Bd3 Na6 7. e5 dxe5 8. dxe5
Nd5 9. Nxd5 Qxd5 10. Bxa6 Qa5+ 11. Bd2 Qxa6 12. Qe2 Qb6 13. Bc3 a5 14. Qf2 Qa6
15. Qc5 Bf5 16. O-O-O b6 17. Qxe7 Qc4 18. Nd4 Bg4 19. Rd3 Qxa2 20. Re1 c5 21.
Nb5 Qa1+ 22. Kd2 Qa4 23. Nd6 Qxf4+ 24. Rde3 Bh6 25. Kc1 Bg5 26. Qc7 Qa4 27. Kb1
Bxe3 28. Rxe3 Be6 29. Rf3 Qg4 30. Qe7 Qxg2 31. Qf6 a4 32. Rf2 Qd5 33. Rf1 b5
34. Nf5 Bxf5 35. e6 Qd4 36. Bxd4 cxd4 37. Rxf5 gxf5 38. Qg5+ Kh8 39. Qf6+ Kg8
40. Qg5+ Kh8 41. Qf6+ 1/2-1/2

[Event "Schachfestival 2016 - Open"]
[Site "chessorg.de"]
[Date "2016.02.27"]
[Round "2.2"]
[White "Werle, Jan"]
[Black "Schaefer, Michael"]
[Result "1-0"]
[WhiteElo "2545"]
[BlackElo "2150"]
[PlyCount "55"]
[EventDate "2016.??.??"]
[WhiteTeam "Niederlande"]
[BlackTeam "Deutschland"]
[WhiteTeamCountry "NED"]
[BlackTeamCountry "GER"]

1. d4 d5 2. c4 e6 3. Nc3 Nf6 4. Bg5 Be7 5. e3 h6 6. Bh4 O-O 7. Nf3 Ne4 8. Bxe7
Qxe7 9. Rc1 c6 10. g4 Nd7 11. h4 Nxc3 12. Rxc3 e5 13. cxd5 e4 14. dxc6 exf3 15.
cxd7 Bxd7 16. Qxf3 Bc6 17. d5 Qb4 18. dxc6 Qxb2 19. Rd3 Qb4+ 20. Ke2 Rac8 21.
Qf4 Qb5 22. Kf3 Qxc6+ 23. Qe4 Qf6+ 24. Kg3 Rc2 25. Qf4 Qxf4+ 26. exf4 Rxa2 27.
Rd7 Rb2 28. Bg2 1-0

[Event "Schachfestival 2016 - Open"]
[Site "chessorg.de"]
[Date "2016.02.27"]
[Round "2.3"]
[White "Babar, Michael"]
[Black "Bogner, Sebastian"]
[Result "0-1"]
[WhiteElo "2153"]
[BlackElo "2539"]
[PlyCount "70"]
[EventDate "2016.??.??"]
[WhiteTeam "Deutschland"]
[BlackTeam "Schweiz"]
[WhiteTeamCountry "GER"]
[BlackTeamCountry "SUI"]

1. d4 Nf6 2. Nf3 g6 3. c4 Bg7 4. Nc3 O-O 5. e4 d6 6. Be2 e5 7. O-O Nc6 8. d5
Ne7 9. Ne1 Nd7 10. Nd3 f5 11. f3 f4 12. Bd2 h5 13. b4 g5 14. c5 Nf6 15. Nf2 Rf7
16. Rc1 Ng6 17. Be1 Bf8 18. Nb5 a6 19. Na3 Rg7 20. Kh1 Nh8 21. Nd3 Ng6 22. Nc4
g4 23. cxd6 cxd6 24. Bf2 g3 25. hxg3 fxg3 26. Bxg3 b5 27. Na5 h4 28. Bf2 Nh5
29. Qe1 Ng3+ 30. Kh2 Rh7 31. Qd2 Bh6 32. Be3 Bxe3 33. Qxe3 h3 34. Nf2 hxg2+ 35.
Kxg2 Nf4+ 0-1

[Event "Schachfestival 2016 - Open"]
[Site "chessorg.de"]
[Date "2016.02.27"]
[Round "2.4"]
[White "Kveinys, Aloyzas"]
[Black "Mueller, Martin"]
[Result "1-0"]
[WhiteElo "2524"]
[BlackElo "2133"]
[PlyCount "107"]
[EventDate "2016.??.??"]
[WhiteTeam "Litauen"]
[BlackTeam "Deutschland"]
[WhiteTeamCountry "LTU"]
[BlackTeamCountry "GER"]

1. d4 f5 2. Nc3 Nf6 3. Bg5 d5 4. f3 Nc6 5. Qd2 e6 6. e3 Be7 7. Nh3 O-O 8. Bb5
Qd6 9. Bf4 Qd7 10. Nf2 a6 11. Be2 Na5 12. b3 b6 13. Nd3 Bb7 14. O-O Rac8 15.
Rab1 Qd8 16. Na4 Nd7 17. Bg3 g5 18. Ne5 Nxe5 19. Bxe5 Bf6 20. Bxf6 Rxf6 21. c4
Nc6 22. Nc3 Ne7 23. e4 dxe4 24. Qxg5+ Rg6 25. Qd2 e5 26. d5 exf3 27. Bxf3 Qd6
28. Rbe1 Rf8 29. Bh5 Rg7 30. Qe3 e4 31. Ne2 Bc8 32. Nf4 Qe5 33. Kh1 Rf6 34. Bd1
Rh6 35. g3 Rd6 36. b4 Ng6 37. Nh5 Re7 38. c5 bxc5 39. bxc5 Rxd5 40. Bb3 Be6 41.
Bxd5 Bxd5 42. Rf2 Rf7 43. Nf4 Bc6 44. Rd2 Qf6 45. Red1 Ne5 46. Nh5 Qe7 47. Rd8+
Rf8 48. Rxf8+ Kxf8 49. Qh6+ Ke8 50. Ng7+ Kf7 51. Nxf5 e3+ 52. Qxc6 Nxc6 53.
Nxe7 Nxe7 54. Kg2 1-0

[Event "Schachfestival 2016 - Open"]
[Site "chessorg.de"]
[Date "2016.02.27"]
[Round "2.5"]
[White "Rahls, Peter"]
[Black "Pap, Misa"]
[Result "1/2-1/2"]
[WhiteElo "2150"]
[BlackElo "2483"]
[PlyCount "117"]
[EventDate "2016.??.??"]
[WhiteTeam "Deutschland"]
[BlackTeam "Serbien"]
[WhiteTeamCountry "GER"]
[BlackTeamCountry "SRB"]

1. e4 c5 2. c3 d5 3. exd5 Qxd5 4. d4 Nc6 5. Nf3 Bg4 6. Be2 cxd4 7. cxd4 e6 8.
O-O Nf6 9. h3 Bh5 10. Nc3 Qa5 11. a3 Bd6 12. Be3 O-O 13. b4 Qd8 14. Rc1 a5 15.
b5 Ne7 16. a4 Rc8 17. Ne5 Bxe2 18. Nxe2 Nfd5 19. Qb3 Nf5 20. Bd2 Rxc1 21. Rxc1
Nxd4 22. Nxd4 Bxe5 23. Nf3 Bd6 24. Qd3 h6 25. Qe4 Bb4 26. Bxb4 axb4 27. Ne5 Nc3
28. Qc2 Qd4 29. Re1 Ra8 30. Qb3 Qd2 31. Re3 Nd1 32. Re4 Qxf2+ 33. Kh2 Nc3 34.
Rxb4 Ne2 35. Nf3 Qg3+ 36. Kh1 Nf4 37. Qc2 Nxh3 38. Rc4 Nf4 39. a5 g6 40. a6
bxa6 41. b6 Kh7 42. Rc7 Rd8 43. Rxf7+ Kg8 44. Rd7 Rxd7 45. Qc8+ Kg7 46. Qxd7+
Kg8 47. Qd2 Nd5 48. Qe2 Qd6 49. b7 Qb6 50. b8=Q+ Qxb8 51. Qxe6+ Kg7 52. Qxd5
Qc7 53. Qd4+ Kh7 54. Qf6 a5 55. Ne5 Qg7 56. Qe6 a4 57. Nd7 h5 58. Nf6+ Kh6 59.
Ng8+ 1/2-1/2

[Event "Schachfestival 2016 - Open"]
[Site "chessorg.de"]
[Date "2016.02.27"]
[Round "2.6"]
[White "Karpatchev, Aleksandr"]
[Black "Friedel, Marcus"]
[Result "1-0"]
[WhiteElo "2475"]
[BlackElo "2125"]
[PlyCount "97"]
[EventDate "2016.??.??"]
[WhiteTeam "Russland"]
[BlackTeam "Deutschland"]
[WhiteTeamCountry "RUS"]
[BlackTeamCountry "GER"]

1. e4 e5 2. Nf3 Nc6 3. Bc4 Bc5 4. c3 Nf6 5. d4 exd4 6. e5 d5 7. Bb5 Ne4 8. cxd4
Bb6 9. Nc3 O-O 10. Be3 Bg4 11. h3 Bxf3 12. gxf3 Nxc3 13. bxc3 f6 14. f4 Ne7 15.
Qg4 f5 16. Qg5 Ng6 17. h4 Rf7 18. Qxd8+ Rxd8 19. Ke2 Nf8 20. a4 a6 21. Bd3 c6
22. a5 Ba7 23. c4 Ne6 24. cxd5 cxd5 25. Ra4 Rc8 26. Bb1 Rc6 27. Ba2 Rd7 28. Rb1
Nd8 29. Kd3 Rh6 30. Rab4 Kf8 31. R4b2 Ke7 32. Rg1 Ke6 33. Rc1 Rxh4 34. Rc8 Ke7
35. Ra8 Nc6 36. Bxd5 Rxd5 37. Rxb7+ Rd7 38. Rxd7+ Kxd7 39. d5 Nb4+ 40. Kc4 Bxe3
41. fxe3 Nc2 42. Kc5 Nxe3 43. Rxa6 Nxd5 44. Kxd5 Rxf4 45. Ra7+ Kd8 46. a6 Ra4
47. Kd6 Rd4+ 48. Ke6 Ra4 49. Kf7 1-0

[Event "Schachfestival 2016 - Open"]
[Site "chessorg.de"]
[Date "2016.02.27"]
[Round "2.7"]
[White "Gkogkas, Dimitrios"]
[Black "Milov, Leonid"]
[Result "1/2-1/2"]
[WhiteElo "2136"]
[BlackElo "2439"]
[PlyCount "44"]
[EventDate "2016.??.??"]
[WhiteTeam "Griechenland"]
[BlackTeam "Deutschland"]
[WhiteTeamCountry "GRE"]
[BlackTeamCountry "GER"]

1. d4 Nf6 2. c4 c5 3. d5 a6 4. a4 e6 5. Nc3 exd5 6. cxd5 d6 7. e4 g6 8. f4 Bg7
9. Nf3 O-O 10. Be2 Re8 11. e5 dxe5 12. fxe5 Ng4 13. Bg5 Qa5 14. O-O Nxe5 15. d6
Be6 16. Nd5 Nbd7 17. Bd2 Qd8 18. Nc7 Nxf3+ 19. Bxf3 Bxb2 20. Rb1 Bd4+ 21. Kh1
Bc4 22. Nxa8 Bxf1 1/2-1/2

[Event "Schachfestival 2016 - Open"]
[Site "chessorg.de"]
[Date "2016.02.27"]
[Round "2.8"]
[White "Pezerovic, Edin"]
[Black "Khudovekov, Stanislav"]
[Result "1/2-1/2"]
[WhiteElo "2423"]
[BlackElo "2113"]
[PlyCount "68"]
[EventDate "2016.??.??"]
[WhiteTeam "Deutschland"]
[BlackTeam "Russland"]
[WhiteTeamCountry "GER"]
[BlackTeamCountry "RUS"]

1. d4 d6 2. Bf4 g6 3. Nf3 Bg7 4. e3 Nc6 5. Bc4 Nf6 6. h3 O-O 7. O-O Nd7 8. Nc3
h6 9. a3 e5 10. Bg3 Nb6 11. Ba2 Qe7 12. Qd3 Kh8 13. dxe5 Nxe5 14. Nxe5 dxe5 15.
e4 c6 16. f4 exf4 17. Bxf4 Rd8 18. Qg3 Be6 19. Bxe6 Qxe6 20. Rae1 Nc4 21. Qh4
Kh7 22. e5 f5 23. Bg5 Rf8 24. Bf6 b5 25. Bxg7 Kxg7 26. Ne2 g5 27. Qf2 f4 28.
Nd4 Qd5 29. e6 Rae8 30. e7 Rf6 31. c3 Ne5 32. Rxe5 Qxe5 33. Re1 Qd5 34. Qe2 Kg8
1/2-1/2

[Event "Schachfestival 2016 - Open"]
[Site "chessorg.de"]
[Date "2016.02.27"]
[Round "2.9"]
[White "Behling, Robert"]
[Black "Naumkin, Igor"]
[Result "0-1"]
[WhiteElo "2096"]
[BlackElo "2413"]
[PlyCount "48"]
[EventDate "2016.??.??"]
[WhiteTeam "Deutschland"]
[BlackTeam "Russland"]
[WhiteTeamCountry "GER"]
[BlackTeamCountry "RUS"]

1. c4 e5 2. Nc3 Nf6 3. Nf3 Nc6 4. a3 Be7 5. e3 O-O 6. Qc2 d5 7. cxd5 Nxd5 8.
Nxd5 Qxd5 9. Bd3 Kh8 10. b4 a6 11. Be4 Qe6 12. Bb2 Bd7 13. O-O Bf6 14. Rac1
Rae8 15. d4 exd4 16. Bxc6 Bxc6 17. Nxd4 Bxd4 18. Bxd4 Bxg2 19. Qxc7 Bxf1 20.
Qg3 Qg6 21. Kxf1 Rc8 22. Rc5 Qxg3 23. fxg3 Rxc5 24. bxc5 f5 0-1

[Event "Schachfestival 2016 - Open"]
[Site "chessorg.de"]
[Date "2016.02.27"]
[Round "2.10"]
[White "Bader, Gerd"]
[Black "Pirrot, Dieter"]
[Result "1/2-1/2"]
[WhiteElo "2072"]
[BlackElo "2380"]
[PlyCount "50"]
[EventDate "2016.??.??"]
[WhiteTeam "Deutschland"]
[BlackTeam "Deutschland"]
[WhiteTeamCountry "GER"]
[BlackTeamCountry "GER"]

1. Nf3 f5 2. d3 Nc6 3. e4 e5 4. Nc3 Nf6 5. Be2 d6 6. O-O Be7 7. exf5 Bxf5 8.
Nh4 Be6 9. f4 O-O 10. Nf3 Qd7 11. fxe5 dxe5 12. Ne4 Nxe4 13. dxe4 Bc5+ 14. Kh1
Qxd1 15. Rxd1 Nd4 16. Nxd4 Bxd4 17. Bf3 a5 18. c3 Bf2 19. Rf1 Bb6 20. Bg5 a4
21. Bh4 Bc4 22. Rfd1 Ra5 23. Rd2 Rb5 24. Be2 Bxe2 25. Rxe2 Bc5 1/2-1/2

[Event "Schachfestival 2016 - Open"]
[Site "Bad Woerishofen"]
[Date "2016.02.26"]
[Round "2.11"]
[White "Buchal, Stephan"]
[Black "Astengo, Corrado"]
[Result "1-0"]
[WhiteElo "2315"]
[BlackElo "2108"]
[Annotator "chessorg"]
[PlyCount "45"]
[EventDate "2016.??.??"]
[WhiteTeam "SV Werder Bremen"]
[BlackTeam "Mendrisio"]

1. c4 c6 2. Nf3 d5 3. g3 Nf6 4. Bg2 dxc4 5. O-O Nbd7 6. Na3 b5 7. Nd4 a6 8. d3
Bb7 9. dxc4 b4 10. Nac2 Qb6 11. Be3 c5 12. Bxb7 Qxb7 13. Nb3 e6 14. a3 a5 15.
axb4 axb4 16. Rxa8+ Qxa8 17. Qa1 Qc6 18. Na5 Qa8 19. Nb3 Qc6 20. Na5 Qa8 21.
Qa4 Be7 22. Ra1 Bd8 23. Bxc5 1-0

[Event "Schachfestival 2016 - Open"]
[Site "Bad Woerishofen"]
[Date "2016.02.26"]
[Round "2.18"]
[White "Guggenberger, Guido"]
[Black "Felgendreher, Heiko"]
[Result "0-1"]
[WhiteElo "2029"]
[BlackElo "2219"]
[Annotator "chessorg"]
[PlyCount "42"]
[EventDate "2016.??.??"]
[WhiteTeam "TV Tegernsee"]
[BlackTeam "Freibauer moerlenbach"]

1. d4 Nf6 2. c4 g6 3. Nc3 d5 4. cxd5 Nxd5 5. Bd2 Bg7 6. e4 Nb6 7. Be3 O-O 8. h3
f5 9. exf5 Bxf5 10. Nf3 Nc6 11. Qb3+ Kh8 12. Rd1 a5 13. Ng5 e5 14. Nf7+ Rxf7
15. Qxf7 exd4 16. Nb5 Qe8 17. Qxc7 Nd5 18. Qxb7 Nxe3 19. fxe3 Qxe3+ 20. Be2 Re8
21. Rd2 Bh6 0-1

[Event "Schachfestival 2016 - Open"]
[Site "Bad Woerishofen"]
[Date "2016.02.26"]
[Round "2.27"]
[White "Zude, Arno"]
[Black "Stiefel, Roland"]
[Result "1-0"]
[WhiteElo "2389"]
[BlackElo "1975"]
[Annotator "chessorg"]
[PlyCount "55"]
[EventDate "2016.??.??"]
[WhiteTeam "SV 1920 Hofheim"]
[BlackTeam "SSV Vimaria Weimar"]

1. e4 c5 2. Nf3 e6 3. d4 cxd4 4. Nxd4 a6 5. Nc3 Qc7 6. Be3 Nf6 7. Qd2 d6 8. f3
Be7 9. O-O-O Nbd7 10. g4 b5 11. g5 Nh5 12. Kb1 Nc5 13. Ndxb5 axb5 14. Nxb5 Qc6
15. Nxd6+ Bxd6 16. Qxd6 Qxd6 17. Rxd6 Nb7 18. Bb5+ Ke7 19. Rd3 Rd8 20. Rxd8
Kxd8 21. Bb6+ Ke7 22. Rd1 f6 23. c4 fxg5 24. c5 Nf6 25. c6 Na5 26. b4 Ba6 27.
Bxa6 Nxc6 28. Bb7 1-0

[Event "Schachfestival 2016 - Open"]
[Site "Bad Woerishofen"]
[Date "2016.02.26"]
[Round "2.28"]
[White "Kannenberg, Karl-Heinz"]
[Black "Carrasco, Paul"]
[Result "1-0"]
[WhiteElo "2246"]
[BlackElo "2005"]
[Annotator "chessorg"]
[PlyCount "51"]
[EventDate "2016.??.??"]
[WhiteTeam "SC Kitzingen von 1905"]

1. d4 Nf6 2. Bf4 d5 3. e3 e6 4. Nf3 Nbd7 5. Nbd2 Be7 6. Ne5 O-O 7. Bd3 c6 8.
Qf3 Re8 9. g4 Nf8 10. g5 N6d7 11. Nxf7 Qb6 12. Rg1 e5 13. Bxe5 Nxe5 14. Nxe5
Be6 15. Bf5 c5 16. c3 cxd4 17. cxd4 Rac8 18. Kf1 Bb4 19. Nb3 a5 20. Rc1 Ng6 21.
Nxg6 hxg6 22. Bxg6 Rxc1+ 23. Nxc1 Rf8 24. Qh5 Bh3+ 25. Ke2 Rd8 26. Bh7+ 1-0

[Event "Schachfestival 2016 - Open"]
[Site "Bad Woerishofen"]
[Date "2016.02.26"]
[Round "2.30"]
[White "Friedrich, Norbert"]
[Black "Valet, Richard"]
[Result "1/2-1/2"]
[WhiteElo "2209"]
[BlackElo "1968"]
[Annotator "chessorg"]
[PlyCount "48"]
[EventDate "2016.??.??"]
[WhiteTeam "SGEM Waldshut-Tiengen"]
[BlackTeam "Greifswalder SV"]

1. e4 c5 2. Nf3 Nc6 3. d4 cxd4 4. Nxd4 Nf6 5. Nc3 e5 6. Ndb5 d6 7. Bg5 a6 8.
Na3 b5 9. Nd5 Be7 10. Bxf6 Bxf6 11. c4 b4 12. Nc2 Rb8 13. b3 O-O 14. g3 a5 15.
Bg2 g6 16. h4 Bg7 17. Qd2 Be6 18. h5 Bxd5 19. cxd5 Nd4 20. hxg6 hxg6 21. Nxd4
exd4 22. Rc1 Rc8 23. Rxc8 Qxc8 24. O-O Qc3 1/2-1/2